01636nam a2200361 a 4500001001000000003000500010005001700015008004100032010001100073011001100084040000900095090001000104100005300114245017100167260004100338500006000379502010100439590004100540590004000581590004000621590004000661650004400701650005400745650005200799650004500851856007000896901000700966942001000973942000600983999001900989952013101008952013501139000114353CHAP20220329144437.0180115s2017 mx a fsm |||||||spa d a110814 a111786 cCHAP aTesis1 aRodríguez Domínguez, Carlos Mijaíl913432710aPlaneación y validación del proceso de producción del soporte frontal de tractores agrícolas CNH /h[En línea]cpor Carlos Mijaíl Rodríguez Domínguez. aChapingo, Méx. :bEl autor,c2017. aPara ver el contenido del material haga clic en la liga aTesis (Ing. Mecánico Agrícola. ) -- UACH. Departamento de Ingeniería Mecánica Agrícola aE11695DGDb10c20180115lUCH01h1451 aE8697GMMb05c20180115lUCH01h1327 aE8697GMMb05c20180115lUCH01h1339 aE8697GMMb05c20180115lUCH01h142914aMaquinaria agrícolaxDiseño.97116814aMaquinaria agrícolaxNormas de calidad.913433514aTractoresxInnovaciones tecnológicas.913433614aTractoresxMedidas de seguridad.9114583 aFinding aiduhttp://10.13.5.2/tesis/sist114353.pdfzTeclea aquí aBK cTESIS n0 c110814d110814 00104054718TESISaBCbBCd2018-01-15fTESISl0oTesisp114354-10r2019-12-31 00:00:00w2019-12-31yTESISzRecien adquirido 00102local4053708TESISaBCbBCcPA_TESISd2018-01-15fTESISl0oTesisp114354-20r2019-12-31 00:00:00tc.2w2019-12-31yTESIS